| 000 | 00899nam a2200277 i 4500 | ||
|---|---|---|---|
| 001 | 66581 | ||
| 003 | ES-MaACL | ||
| 005 | 20250929063128.0 | ||
| 007 | t| | ||
| 008 | 030325s2003 sp ||||0| spa d | ||
| 020 | _a84-339-6187-X | ||
| 040 |
_aM-BN _bspa _cM-BN |
||
| 080 | _a316.334.2:332.83/.85(44) | ||
| 100 | 1 |
_aBourdieu, Pierre, _d1930-2002 _930964 |
|
| 245 | 1 | 4 |
_aLas estructuras sociales de la economía / _cPierre Bourdieu ; traducción de Thomas Kauf. |
| 260 |
_aBarcelona : _bAnagrama, _c[2003] |
||
| 300 |
_a282 p. : _bil., gráf. ; _c22 cm. |
||
| 490 | 1 |
_aColección Argumentos ; _v295 |
|
| 500 | _aIndice. | ||
| 650 | 1 | 4 |
_aVivienda- _zFrancia- _xMercado- _xAspectos sociales. _917840 |
| 700 | 1 |
_aKauf, Thomas. _967639 |
|
| 830 | 0 |
_aColección Argumentos ; _v295 _9178071 |
|
| 852 |
_aES-MaACL _jL-27053 _bR.132732 |
||
| 999 |
_c66581 _d66581 |
||